01357nam a2200313 i 450000100060000000300090000600500170001500700030003200800410003502000180007608000380009408000250013208000330015710000530019024501670024326000310041030000220044149000530046360000700051660000570058660000560064370000440069970000400074370000380078383000610082185200220088299900170090495201220092113498ES-MaACL20230906150608.0t|980423s1992 sp |||| |dcat d a84-7665-181-3 a929 Abadal i Calderó, Raimon d' a929 Abadal, Ramon d' a929 Valls i Taberner, Ferran1 aAbadal i Calderó, Raimon d',d1862-194591794710aEpistolari de Raimon d'Abadal i Calderó amb Ramon d'Abadal i de Vinyals i amb Ferran Valls i Taberner, 1909-1940 / cJaume Sobrequés i Callicó ... [et al.]. aBarcelona : bPPU, c1992. a147 p. ; c22 cm.1 aCol-lecció d'epistolaris catalans del segle XX04aAbadal i Calderó, Raimon d', 1862-1945-vCorrespondencia91794814aAbadal, Ramon d'd1888-1970-vCorrespondencia91794614aValls i Taberner, Ferran-vCorrespondencia.91129431 aSobrequés i Callicó, Jaume.91069971 aAbadal, Ramon d',d1888-19709179451 aValls i Taberner, Ferran.91129420 aCol-lecció d'epistolaris catalans del segle XX9226562 aES-MaACLjL-20787 c13498d13498 00104070aATENEOMbATENEOMcDEPO2d2008-01-17eSCl0oL-20787p1013741r2023-02-23 00:00:00w2023-02-23yMONOGRAFIA